000 00614nam a22002057a 4500
003 LK-CoDNM
005 20250106094456.0
008 250103b |||||||| |||| 00| 0 eng d
040 _aLK-CoDNM
_dLK-CoDNM
_eLK-CoDNM
041 _aeng
080 _a4
_bC16
100 _aJhnstone james
245 _aCambridge biological series
_bconditions of life in the sea
246 _aa short account of quantitative marine biological research
260 _acambridge
_bat the university press
_c1908
300 _axiii, 334p. map : ill ; 23 cm
650 _ascience
650 _amaps
942 _cBK
999 _c234923
_d234923